00524nam a2200145Ia 4500008004100000041000800041082001800049100001500067245008300082250000600165260003900171300001100210999001900221952013800240210716s2011 xx 000 0 und d aeng a621.3821 RAYJ aRay, John. aSams teach yourself iphone application development: in 24 hours.bIn 24 hours. a1 aNew DelhibPearson Educationc2011 aix,691 c192307d192307 001040708MCAaAIMITbAIMITeHigginbothams Pvt Ltdg699.00l0o621.3821 RAYJpMCA11815r2025-07-21 00:00:00v524.25w2021-07-16yBK